Top 15 des marques de voitures - 2021 - Statistiques

Statistiques générales
  • Ce quiz a été pris 3 511 fois
  • Le résultat moyen est 8 sur 15
Statistiques - réponses
Valorisation ( en $ ) Marque % Correct
49,7 milliards Mercedes-Benz
84%
39,8 milliards BMW
82%
12,4 milliards Audi
80%
6,4 milliards Ferrari
77%
11,3 milliards Porsche
64%
51,6 milliards Toyota
64%
12,6 milliards Ford
59%
12,3 milliards Volkswagen
56%
12,8 milliards Tesla
54%
10,6 milliards Nissan
44%
22 milliards Honda
40%
14,3 milliards Hyundai
39%
5,8 milliards Kia
33%
5 milliards Mini
22%
5,1 milliards Land Rover
12%
Aucun quiz correspondant
Distribution des résultats
% des personnes avec chaque résultat
Percentile par nombre de réponses
Votre historique - résultats
Vous n’avez pas pris ce quiz